Guide to Presentations / (Record no. 11307)
[ view plain ]
| 000 -LEADER | |
|---|---|
| fixed length control field | 01284cam a2200349 a 4500 |
| 001 - CONTROL NUMBER | |
| control field | 14762236 |
| 005 - DATE AND TIME OF LATEST TRANSACTION | |
| control field | 20161115142312.0 |
| 008 - FIXED-LENGTH DATA ELEMENTS--GENERAL INFORMATION | |
| fixed length control field | 070308s2008 njua b 001 0 eng |
| 010 ## - LIBRARY OF CONGRESS CONTROL NUMBER | |
| LC control number | 2007009456 |
| 015 ## - NATIONAL BIBLIOGRAPHY NUMBER | |
| National bibliography number | GBA732645 |
| Source | bnb |
| 016 7# - NATIONAL BIBLIOGRAPHIC AGENCY CONTROL NUMBER | |
| Record control number | 013735559 |
| Source | Uk |
| 020 ## - INTERNATIONAL STANDARD BOOK NUMBER | |
| International Standard Book Number | 9780131755239 |
| 020 ## - INTERNATIONAL STANDARD BOOK NUMBER | |
| International Standard Book Number | 0131755234 |
| 035 ## - SYSTEM CONTROL NUMBER | |
| System control number | (OCoLC)ocm85830761 |
| 035 ## - SYSTEM CONTROL NUMBER | |
| System control number | (OCoLC)85830761 |
| 040 ## - CATALOGING SOURCE | |
| Original cataloging agency | DLC |
| Transcribing agency | DLC |
| Modifying agency | YDX |
| -- | BAKER |
| -- | BTCTA |
| -- | YDXCP |
| -- | UKM |
| -- | COA |
| -- | DLC |
| 050 00 - LIBRARY OF CONGRESS CALL NUMBER | |
| Classification number | HF5718.22 |
| Item number | .M86 2008 |
| 082 00 - DEWEY DECIMAL CLASSIFICATION NUMBER | |
| Classification number | 658.45 |
| Edition number | 22 |
| Item number | MUN |
| 100 1# - MAIN ENTRY--PERSONAL NAME | |
| Personal name | Munter, Mary. |
| 9 (RLIN) | 3716 |
| 245 10 - TITLE STATEMENT | |
| Title | Guide to Presentations / |
| Statement of responsibility, etc | Mary Munter, Lynn Russell. |
| 250 ## - EDITION STATEMENT | |
| Edition statement | 2nd ed. |
| 260 ## - PUBLICATION, DISTRIBUTION, ETC. (IMPRINT) | |
| Place of publication, distribution, etc | Upper Saddle River, N.J. : |
| Name of publisher, distributor, etc | Pearson Prentice Hall, |
| Date of publication, distribution, etc | c2008. |
| 300 ## - PHYSICAL DESCRIPTION | |
| Extent | vii, 144 p. : |
| Other physical details | ill. ; |
| Dimensions | 21 cm. |
| 490 1# - Series Statement | |
| Series statement | Prentice Hall guides to advanced communication |
| 504 ## - BIBLIOGRAPHY, ETC. NOTE | |
| Bibliography, etc | Includes bibliographical references (p. 136-137) and index. |
| 650 #0 - SUBJECT ADDED ENTRY--TOPICAL TERM | |
| 9 (RLIN) | 3717 |
| Topical term or geographic name as entry element | Business presentations |
| 700 1# - ADDED ENTRY--PERSONAL NAME | |
| Personal name | Russell, Lynn. |
| 9 (RLIN) | 3718 |
| 830 #0 - SERIES ADDED ENTRY--UNIFORM TITLE | |
| Uniform title | Prentice-Hall guides to advanced business communication. |
| 9 (RLIN) | 3719 |
| 856 41 - ELECTRONIC LOCATION AND ACCESS | |
| Materials specified | Table of contents only |
| Uniform Resource Identifier | <a href="http://www.loc.gov/catdir/toc/ecip0712/2007009456.html">http://www.loc.gov/catdir/toc/ecip0712/2007009456.html</a> |
| 942 ## - ADDED ENTRY ELEMENTS (KOHA) | |
| Source of classification or shelving scheme | Dewey Decimal Classification |
| Item type | Book - Borrowing |
| Withdrawn status | Item status | Source of classification or shelving scheme | Damaged status | Not for loan | Vendor | Home library | Current library | Shelving location | Date acquired | Source of acquisition | Cost, normal purchase price | Serial Enumeration / chronology | Total Checkouts | Total Renewals | Full call number | Barcode | Date last seen | Date last borrowed | Koha item type |
|---|---|---|---|---|---|---|---|---|---|---|---|---|---|---|---|---|---|---|---|
| Dewey Decimal Classification | Baccah | Central Library | Central Library | First floor | 14/04/2009 | 256.00 | 6995 | 6 | 16 | 658.45 MUN | 000015900 | 15/07/2025 | 01/11/2022 | Book - Borrowing |